Countries A Tribe Called Quest Visited - Statistics

General Stats
  • This quiz has been taken 27 times
    9 since last reset
  • The average score is 9 of 11
Answer Stats
Continent Country % Correct
Europe France
100%
Oceania Australia
86%
North America Canada
86%
Germany
86%
Asia Japan
86%
Europe United Kingdom
86%
North America United States of America
86%
Europe Norway
71%
Europe Denmark
57%
Europe Ireland
57%
Europe Switzerland
57%
No matching quizzes found
Score Distribution
Percent of People with Each Score
Percentile by Number Answered
Your Score History
You have not taken this quiz since the last reset